Hombrecitos /
Guardado en:
| Autor Principal: | |
|---|---|
| Formato: | Libro |
| Publicado: |
Buenos Aires :
Atlántida,
1995
|
| Edición: | 3a. ed. |
| Series: | Nueva Biblioteca Billiken; No. 2
|
| Materias: | |
| Etiquetas: |
Agregar Etiqueta
Sin Etiquetas, Sea el primero en etiquetar este registro!
|
| LEADER | 00665nam a22002415a 4500 | ||
|---|---|---|---|
| 001 | CEM.cems010366 | ||
| 005 | 20080522114407.0 | ||
| 008 | 130507s1995##################000#0#####d | ||
| 003 | CEMS | ||
| 020 | |a 9500815125 | ||
| 082 | 0 | 4 | |a 813.5 |
| 100 | 1 | |a Alcott, Louisa May | |
| 245 | 1 | 0 | |a Hombrecitos / |c Louisa May Alcott |
| 250 | |a 3a. ed. | ||
| 260 | |a Buenos Aires : |b Atlántida, |c 1995 | ||
| 300 | |a 210 p. | ||
| 490 | 0 | |a Nueva Biblioteca Billiken; No. 2 | |
| 653 | |a Literatura | ||
| 653 | |a Literatura juvenil | ||
| 653 | |a Novelas | ||
| 653 | |a Novela juvenil | ||
| 653 | |a Literatura norteamericana | ||
| 859 | |a CEMS |b BIB. CEMS - 11 de abril |h 813.5 |i Al19 |p 20915.00 |t Ej.1 | ||
